000 00421nam a2200181Ia 4500
001 17100
005 20260306170400.0
008 260306t2000||||xx |||||||||||||| ||und||
041 _aESP
082 _a657.458
_bB81
100 _aBravo Cervantes, Miguel H.
_eAUT
245 0 _aControl interno
260 _c2000
300 _a550 páginas :
_c21 cm.
650 _aGEN
654 _aCCO
942 _cLIB
_dJUS
_fJUS
_2ddc
_n
999 _c17100
_d17100